000 00460cam a22001934a 4500
005 20250605164153.0
008 250528s ||||||||||||||||||||||||d
035 _a19449
020 _a9602863439
040 _aGR-AtMCL
_bgre
_dGR-AtMCL
_eAACR2
245 1 _aΜΑΝΑΤΖΜΕΝΤ
250 _a1
260 _bΈλλην,
_c1998
300 _a450
700 1 _aΖαβλανος Μ. Μυρων
_95632
942 _cBK
999 _c4705
_d4705